000 00696nam a2200241 a 4500
001 BRCA_5398
005 20190320205048.0
008 091210s1897----gw-a######---#000-0#ger-#
041 _ager
044 _agw
050 4 _aND623
_b.M45 1897
100 1 _aMeissner, Franz Hermann
_913800
245 1 0 _aVeronese
_cvon Franz Hermann Meissner.
260 _aBielefeld, Alemania
_bVelhagen & Klasing
_c1897
300 _a110 p.
_bil.
_c25 cm.
440 0 _aKünstler-Monographien
_v26
_913466
500 _aEdición con cantos dorados
500 _aE125
600 1 4 _aCaliari, Paolo
_cLlamado el Verones
_d1528-1588
_913801
650 1 4 _aPintores italianos
_97654
902 _aGFM
942 _2lcc
_cB
999 _c5092
_d5092